| 000 | 00515nam a2200205Ia 4500 | ||
|---|---|---|---|
| 003 | OSt | ||
| 005 | 20140311163142.0 | ||
| 008 | 140130s9999 xx 000 0 und d | ||
| 020 | _a9780717285983 | ||
| 050 |
_aBJ 1535.A8 _b.B47Bg 2005 |
||
| 100 |
_aBerry, Joy _931436 |
||
| 245 |
_aA book about being greedy / _cJoy Berry. |
||
| 260 |
_bScholastic, _c2005. _aNew York : |
||
| 300 |
_a20 p. : _bcol. ill. ; _ccol. ill. ; |
||
| 440 | _v1 | ||
| 521 | _aG2 | ||
| 526 | _c300 | ||
| 942 |
_cBK _2lcc |
||
| 999 |
_c41978 _d41978 |
||